20 längste Flüsse - Statistiken

Allgemein
  • Dieses Quiz wurde 35 mal gespielt
  • Das Durchschnittsergebnis liegt bei 11 aus 20
Antwortstatistiken
Rang Länge Fluss % Korrekt
2. 6'400 km Amazonas
100%
1. 6'650 km Nil
96%
13. 4'184 km Niger
83%
9. 4'835 km Kongo
79%
4. 6'051 km Mississippi
79%
10. 4'692 km Lena
75%
17. 3'530 km Wolga
75%
6. 5'410 km Ob
67%
3. 6'380 km Jangtsekiang
63%
11. 4'500 km Mekong
63%
7. 5'052 km Amur
54%
8. 4'845 km Huáng Hé
46%
14. 3'998 km Paraná
46%
5. 5'540 km Jenissei
38%
12. 4'260 km Mackenzie
33%
16. 3'596 km Schatt al-Arab
29%
15. 3'672 km Murray River
21%
19. 3'199 km Rio São Francisco
21%
20. 3'185 km Yukon River
21%
18. 3'450 km Meghna
13%
Keine übereinstimmenden Quizze gefunden
Verteilung der Resultate
Anzahl Personen mit jedem Resultat
Perzentil nach korrekt beantworteten Fragen
Ihre Resultats-Entwicklung
Sie haben dieses Quiz noch nicht gespielt